000 02512cam a22006734i 4500
003 PE-LiUPU
005 20260504171830.0
008 150617s1971 sp r 000 0 spa d
035 _a(Sirsi) a11262
040 _aPE-LiUPU
_bspa
_cPE-LiUPU
_erda
041 1 _aspa
_heng
049 _aPRUA
082 0 4 _a242
_bP358m
_220
100 1 _aPeale, Norman Vincent,
_d1898-1993
_eautor.
_98515
245 1 0 _aMensajes inspirados para la vida diaria y confortando en el dolor /
_cNorman Vincent Peale; versión castellana de Ángel Arnau y Amparo García Burgos.
250 _aSegunda edición.
264 1 _aBarcelona :
_bEdiciones Grijalbo,
_c1971.
300 _a259 páginas ;
_c21 cm
336 _atext
_2rdacontent
337 _aunmediated
_2rdamedia
338 _avolume
_2rdacarrier
490 0 _aObras completas de Norman Vincent Peale ;
_v7
500 _a1a. ed. 1970, 2a. ed. 1971.
505 0 _aMensajes inspirados en la vida diaria -- Acondicionadores del pensamiento -- Método para su empleo -- Cuarenta acondicionadores del pensamiento -- Manual de Automejoramiento -- Dieciocho lecciones para conseguirlo -- ¿Cuál es su problema? -- Elevadores del Espíritu -- Método para su empleo -- Cómo relajarse -- Cómo alcanzar el bienestar espiritual -- Confortando en el dolor -- Consuelo, valor, esperanza y amor -- Actitudes ante la muerte -- Palabras tranquilizadoras de la Biblia -- Himnos de la fe y de consuelo -- Poesía para elevar tu espíritu.
526 _aSEG68
526 _aSEG70
526 _aSEG69
526 _aSEG67
526 _aSEG43
526 _aP144
526 _aP143
526 _aP131
526 _aP122
526 _aP120
526 _aP117
526 _aP112
526 _aP110
526 _aP106
526 _aP101
526 _aP80
526 _aP59
526 _aP54
526 _aP35
526 _aP33
526 _aP30
534 _aTítulo original :
_tInspiring messaages for daily living and the healing of sorrow.
650 1 4 _aMeditaciones (Vida cristiana)
_98527
650 2 4 _aDevocionales
_98528
650 2 4 _aConsuelo
_xAspectos religiosos
_98529
650 2 4 _aDolor
_xAspectos religiosos
_98530
700 _aArnau, Ángel,
_etraductor.
_98525
700 _aGarcía Burgos, Amparo,
_etraductora.
_98531
910 _ajck
910 _adbm
942 _2ddc
_cBK
980 _818226
_gJaime Vilcazán Jefe de Análisis Documental
999 _c1395
_d1395